[Event "Aragon-chT Honor Gr-B"]
[Site "Aragon"]
[Date "2019.02.02"]
[Round "2.15"]
[White "Llanes Luno, Pedro Alfredo"]
[Black "Aparicio Navarro, Pedro Jose"]
[Result "1/2-1/2"]
[WhiteElo "2011"]
[BlackElo "2119"]
[PlyCount "42"]
[EventDate "2019.01.26"]
[EventType "team-tourn"]
[EventRounds "7"]
[EventCountry "ESP"]
[SourceTitle "EXT 2020"]
[Source "ChessBase"]
[SourceDate "2019.10.17"]
[SourceVersion "1"]
[SourceVersionDate "2019.10.17"]
[SourceQuality "1"]
[WhiteTeam "Delicias"]
[BlackTeam "Helios"]
[WhiteTeamCountry "ESP"]
[BlackTeamCountry "ESP"]

1. e4 c5 2. Nf3 Nc6 3. Nc3 g6 4. d4 cxd4 5. Nxd4 Bg7 6. Be3 Nf6 7. Bc4 0-0 8. f3 d6 9. Qd2 Bd7 10. h4 Rc8 11. Bb3 Qa5 12. 0-0-0 h5 13. Kb1 Rfe8 14. Rhe1 Ne5 15. Bh6 Nc4 16. Bxc4 Rxc4 17. Bxg7 Kxg7 18. Nb3 Qc7 19. Qg5 Rc8 20. Nd4 Qc5 21. Qxc5 R8xc5 1/2-1/2

[Event "Aragon-chT Honor Titulo"]
[Site "Aragon"]
[Date "2018.03.17"]
[Round "8.12"]
[White "Aparicio Navarro, Pedro Jose"]
[Black "Moreno Martin Viveros, Alvaro"]
[Result "1/2-1/2"]
[WhiteElo "2125"]
[BlackElo "2089"]
[PlyCount "38"]
[EventDate "2018.03.17"]
[EventType "team-tourn"]
[EventRounds "10"]
[EventCountry "ESP"]
[SourceTitle "EXT 2019"]
[Source "ChessBase"]
[SourceDate "2018.10.10"]
[SourceVersion "1"]
[SourceVersionDate "2018.10.10"]
[SourceQuality "1"]
[WhiteTeam "Helios"]
[BlackTeam "Agrupacion"]
[WhiteTeamCountry "ESP"]
[BlackTeamCountry "ESP"]

1. d4 Nf6 2. c4 e6 3. Nc3 Bb4 4. Qc2 0-0 5. a3 Bxc3+ 6. Qxc3 b5 7. cxb5 c6 8. Bg5 cxb5 9. e3 Bb7 10. Nf3 a6 11. Be2 Nc6 12. 0-0 Ne7 13. Bxf6 gxf6 14. Rfc1 Rc8 15. Qd2 Qb6 16. Rxc8 Rxc8 17. Rc1 Rxc1+ 18. Qxc1 Qc6 19. Qxc6 Bxc6 1/2-1/2

[Event "Aragon-chT Honor Gr I"]
[Site "Aragon"]
[Date "2018.01.27"]
[Round "1.16"]
[White "Fuertes Garay, Javier"]
[Black "Aparicio Navarro, Pedro Jose"]
[Result "1/2-1/2"]
[WhiteElo "2040"]
[BlackElo "2125"]
[PlyCount "100"]
[EventDate "2018.01.27"]
[EventType "team-tourn"]
[EventRounds "7"]
[EventCountry "ESP"]
[SourceTitle "EXT 2019"]
[Source "ChessBase"]
[SourceDate "2018.10.10"]
[SourceVersion "1"]
[SourceVersionDate "2018.10.10"]
[SourceQuality "1"]
[WhiteTeam "Aragon ONCE"]
[BlackTeam "Helios"]
[WhiteTeamCountry "ESP"]
[BlackTeamCountry "ESP"]

1. e4 c5 2. Nf3 Nc6 3. d4 cxd4 4. Nxd4 Nf6 5. Nc3 g6 6. Be2 Bg7 7. Be3 0-0 8. 0-0 d5 9. exd5 Nxd5 10. Nxd5 Qxd5 11. Bf3 Qd7 12. Nxc6 bxc6 13. Qxd7 Bxd7 14. Rad1 Bf5 15. c3 Rfc8 16. Rd2 a5 17. Rfd1 h5 18. Bg5 Bf8 19. h3 Be6 20. a3 Rab8 21. Bf4 Rb5 22. Rd8 Rxd8 23. Rxd8 Kg7 24. b4 axb4 25. cxb4 Bd5 26. Bxd5 cxd5 27. Bd2 e5 28. a4 Rb7 29. b5 d4 30. Bh6+ Kxh6 31. Rxf8 d3 32. Rd8 e4 33. Rd4 f5 34. f3 Rc7 35. fxe4 fxe4 36. Kf2 Rc2+ 37. Ke1 Rxg2 38. Rxe4 Rb2 39. Rd4 Kg5 40. Kd1 Kf5 41. Rxd3 g5 42. Rd5+ Kf4 43. a5 g4 44. hxg4 hxg4 45. a6 g3 46. Rd4+ Ke3 47. Rg4 Rxb5 48. Rxg3+ Kd4 49. a7 Ra5 50. Rg7 Ra6 1/2-1/2

[Event "Aragon-chT Honor GrB"]
[Site "Aragon"]
[Date "2015.03.07"]
[Round "7.27"]
[White "Gil Capape, Marco Antonio"]
[Black "Aparicio Navarro, Pedro Jose"]
[Result "0-1"]
[WhiteElo "2073"]
[BlackElo "2154"]
[PlyCount "70"]
[EventDate "2015.01.24"]
[EventType "team-tourn"]
[EventRounds "7"]
[EventCountry "ESP"]
[SourceTitle "EXT 2017"]
[Source "ChessBase"]
[SourceDate "2016.10.25"]
[SourceVersion "1"]
[SourceVersionDate "2016.10.25"]
[SourceQuality "1"]
[WhiteTeam "Caissa"]
[BlackTeam "Helios"]
[WhiteTeamCountry "ESP"]
[BlackTeamCountry "ESP"]

1. e4 c5 2. Nc3 Nc6 3. f4 e6 4. Nf3 d5 5. exd5 exd5 6. Bb5 Nf6 7. d4 a6 8. Bxc6+ bxc6 9. 0-0 cxd4 10. Re1+ Be7 11. Qxd4 0-0 12. Ne5 c5 13. Qa4 Bd6 14. Bd2 Bb7 15. Nc6 Qc7 16. Na5 d4 17. Ne2 Bd5 18. Nc4 Ne4 19. Ba5 Qb7 20. Ng3 Bxf4 21. Nxe4 Bxe4 22. g3 Bc6 23. Qa3 Qb5 24. b3 Bb8 25. Re7 Ra7 26. Rae1 Rxe7 27. Rxe7 Bd5 28. Nb6 Be6 29. Qa4 Qe2 30. Nc4 Qd1+ 31. Kf2 Qxc2+ 32. Nd2 Qf5+ 33. Kg1 Qg5 34. Re8 Qe3+ 35. Kg2 Bd5+ 0-1

[Event "Aragon-chT Honor GrB"]
[Site "Aragon"]
[Date "2015.02.07"]
[Round "3.19"]
[White "Aparicio Navarro, Pedro Jose"]
[Black "Cobo Garrido, Diego Israel"]
[Result "1/2-1/2"]
[WhiteElo "2154"]
[BlackElo "2040"]
[PlyCount "119"]
[EventDate "2015.01.24"]
[EventType "team-tourn"]
[EventRounds "7"]
[EventCountry "ESP"]
[SourceTitle "EXT 2017"]
[Source "ChessBase"]
[SourceDate "2016.10.25"]
[SourceVersion "1"]
[SourceVersionDate "2016.10.25"]
[SourceQuality "1"]
[WhiteTeam "Helios"]
[BlackTeam "Aragon ONCE"]
[WhiteTeamCountry "ESP"]
[BlackTeamCountry "ESP"]

1. Nf3 d5 2. g3 Nf6 3. Bg2 Nc6 4. 0-0 e5 5. d3 Be7 6. Nbd2 0-0 7. e4 Be6 8. c3 a5 9. exd5 Bxd5 10. Re1 Nd7 11. Nf1 f5 12. d4 e4 13. N3d2 Kh8 14. f3 exf3 15. Nxf3 Bd6 16. Ng5 f4 17. Ne6 Bxe6 18. Rxe6 Rf6 19. Rxf6 Qxf6 20. Bxf4 Bxf4 21. gxf4 Qxf4 22. Qf3 Qd6 23. Re1 Rf8 24. Qg3 Qf6 25. Ne3 Qd8 26. Nd5 Nf6 27. Nf4 Nxd4 28. cxd4 Qxd4+ 29. Kh1 Qxb2 30. Ne6 Rg8 31. Qxc7 Qxa2 32. Qxb7 Qd2 33. Rf1 Ng4 34. Qf3 Ne3 35. Rg1 Nxg2 36. Qxg2 Qxg2+ 37. Kxg2 Re8 38. Rd1 Kg8 39. Rd6 a4 40. Ra6 a3 41. Kf3 h6 42. Nd4 Rf8+ 43. Ke3 Re8+ 44. Kd3 Rf8 45. Ke2 Re8+ 46. Kf2 Rd8 47. Ra4 a2 48. Ke3 Rd5 49. Rxa2 Rh5 50. Nf3 Kh7 51. Ra6 Rb5 52. Kf4 Rb4+ 53. Kg3 Rc4 54. Rd6 Ra4 55. Rd4 Ra5 56. Rg4 Ra3 57. h4 Rb3 58. Rd4 Ra3 59. Kg4 Ra2 60. Kf4 1/2-1/2

[Event "Aragon-chT Preferente A"]
[Site "Aragon"]
[Date "2014.02.01"]
[Round "2.49"]
[White "Aparicio Navarro, Pedro Jose"]
[Black "Soriano Ascaso, Ignacio"]
[Result "1/2-1/2"]
[WhiteElo "2169"]
[BlackElo "2134"]
[PlyCount "96"]
[EventDate "2014.01.25"]
[EventType "team-tourn"]
[EventRounds "9"]
[EventCountry "ESP"]
[SourceTitle "EXT 2015"]
[Source "ChessBase"]
[SourceDate "2014.11.20"]
[SourceVersion "1"]
[SourceVersionDate "2014.11.20"]
[SourceQuality "1"]
[WhiteTeam "Helios II"]
[BlackTeam "Sabinanigo"]
[WhiteTeamCountry "ESP"]
[BlackTeamCountry "ESP"]

1. Nf3 g6 2. c4 Bg7 3. Nc3 d6 4. g3 e5 5. d4 exd4 6. Nxd4 Nc6 7. Nxc6 bxc6 8. Bg2 Ne7 9. 0-0 0-0 10. e4 Be6 11. Qd3 Qd7 12. Re1 Rae8 13. Be3 f5 14. Bd4 Bxd4 15. Qxd4 f4 16. f3 c5 17. Qd3 Nc6 18. b3 Ne5 19. Qe2 Bh3 20. Rf1 g5 21. Nd5 c6 22. gxf4 Ng6 23. Bxh3 Qxh3 24. Ne3 Nxf4 25. Qf2 Re6 26. Rad1 h5 27. Rd2 g4 28. Qg3 h4 29. Qxh3 Nxh3+ 30. Kg2 Nf4+ 31. Kh1 g3 32. hxg3 hxg3 33. Kg1 Rf7 34. Rfd1 Rh7 35. Rxd6 Rxd6 36. Rxd6 Rh2 37. Rf6 Nh3+ 38. Kf1 Kg7 39. Rxc6 Rf2+ 40. Ke1 Rxf3 41. Nf5+ Kf7 42. Nxg3 Rxg3 43. Rxc5 Re3+ 44. Kd2 Rxe4 45. Ra5 Re7 46. b4 Rb7 47. Rh5 Rd7+ 48. Ke3 Re7+ 1/2-1/2

[Event "Aragon-chT Preferente-A"]
[Site "Spain"]
[Date "2011.02.12"]
[Round "2.2"]
[White "Sierra Diego, Vicente"]
[Black "Aparicio Navarro, Pedro Jose"]
[Result "0-1"]
[WhiteElo "1901"]
[BlackElo "2179"]
[PlyCount "66"]
[EventDate "2011.02.05"]
[EventType "team-tourn"]
[EventRounds "9"]
[EventCountry "ESP"]
[SourceTitle "EXT 2013"]
[Source "ChessBase"]
[SourceDate "2012.11.22"]
[SourceVersion "1"]
[SourceVersionDate "2012.11.22"]
[SourceQuality "1"]
[WhiteTeam "Ciudad del Compromiso"]
[BlackTeam "Helios"]
[WhiteTeamCountry "ESP"]
[BlackTeamCountry "ESP"]

1. f4 e5 2. fxe5 d6 3. exd6 Bxd6 4. Nf3 g5 5. g3 g4 6. Nh4 Ne7 7. e4 Ng6 8. Ng2 Nc6 9. c3 Qe7 10. Bb5 Qxe4+ 11. Qe2 Qxe2+ 12. Kxe2 Bd7 13. d4 Nxd4+ 14. cxd4 Bxb5+ 15. Kf2 0-0-0 16. Nc3 Bc6 17. Be3 Ne7 18. Rhf1 Nf5 19. d5 Nxe3 20. Nxe3 Bd7 21. Ne4 Be5 22. Nc3 Bd4 23. Rad1 Bb6 24. Rfe1 Rhe8 25. Rd3 Bf5 26. Rd2 Re5 27. a3 Rde8 28. Ncd1 Kd7 29. b4 a5 30. a4 axb4 31. Rb2 Rxd5 32. Rb3 Bc2 33. Rb2 Bxd1 0-1

[Event "Aragon-chT Preferente"]
[Site "Spain"]
[Date "2010.02.27"]
[Round "6.17"]
[White "Aparicio Navarro, Pedro Jose"]
[Black "Villuendas Valero, Adrian"]
[Result "0-1"]
[WhiteElo "2203"]
[BlackElo "2184"]
[PlyCount "50"]
[EventDate "2010.01.23"]
[EventType "team-swiss"]
[EventRounds "12"]
[EventCountry "ESP"]
[SourceTitle "EXT 2013"]
[Source "ChessBase"]
[SourceDate "2012.11.22"]
[SourceVersion "1"]
[SourceVersionDate "2012.11.22"]
[SourceQuality "1"]
[WhiteTeam "Helios"]
[BlackTeam "Ramiro"]
[WhiteTeamCountry "ESP"]
[BlackTeamCountry "ESP"]

1. Nf3 d5 2. c4 d4 3. d3 Nc6 4. g3 e5 5. Bg2 Nf6 6. 0-0 Bd6 7. Bg5 h6 8. Bxf6 Qxf6 9. Nbd2 0-0 10. Ne4 Qd8 11. Nxd6 cxd6 12. Nd2 Be6 13. a3 Qd7 14. Re1 f5 15. b4 Ne7 16. Nb3 f4 17. c5 d5 18. a4 Bh3 19. Qd2 Rf6 20. b5 Raf8 21. Rf1 fxg3 22. hxg3 Qg4 23. e3 Bxg2 24. Kxg2 Nf5 25. Qd1 Nh4+ 0-1

[Event "Aragon-chT Preferente"]
[Site "Spain"]
[Date "2010.02.20"]
[Round "5.29"]
[White "Malo Guillen, Jose Luis"]
[Black "Aparicio Navarro, Pedro Jose"]
[Result "1-0"]
[WhiteElo "2162"]
[BlackElo "2203"]
[PlyCount "41"]
[EventDate "2010.01.23"]
[EventType "team-swiss"]
[EventRounds "12"]
[EventCountry "ESP"]
[SourceTitle "EXT 2013"]
[Source "ChessBase"]
[SourceDate "2012.11.22"]
[SourceVersion "1"]
[SourceVersionDate "2012.11.22"]
[SourceQuality "1"]
[WhiteTeam "Las Fuentes"]
[BlackTeam "Helios"]
[WhiteTeamCountry "ESP"]
[BlackTeamCountry "ESP"]

1. d4 Nf6 2. c4 c5 3. Nf3 g6 4. g3 Bg7 5. Bg2 0-0 6. 0-0 d6 7. dxc5 dxc5 8. Ne5 Nfd7 9. Nxd7 Qxd7 10. Qxd7 Nxd7 11. Nc3 Ne5 12. Nd5 Nc6 13. Bg5 Bxb2 14. Rab1 f6 15. Rxb2 fxg5 16. Nc7 Bg4 17. Nxa8 Rxa8 18. Rxb7 Rc8 19. Bxc6 Rxc6 20. Rxe7 Ra6 21. Rb1 1-0

[Event "Aragon-chT"]
[Site "Aragon"]
[Date "2008.03.29"]
[Round "7"]
[White "Aparicio Navarro, Pedro Jose"]
[Black "Lasanta Rica, Cesar"]
[Result "1/2-1/2"]
[WhiteElo "2196"]
[BlackElo "2284"]
[PlyCount "36"]
[EventDate "2008.02.02"]
[EventType "team-swiss"]
[EventRounds "12"]
[EventCountry "ESP"]
[SourceTitle "EXT 2011"]
[Source "ChessBase"]
[SourceDate "2010.11.26"]
[SourceVersion "1"]
[SourceVersionDate "2010.11.26"]
[SourceQuality "1"]

1. c4 Nf6 2. Nc3 c5 3. Nf3 d5 4. cxd5 Nxd5 5. g3 Nc6 6. Bg2 Nc7 7. 0-0 e5 8. d3 Be7 9. Be3 Bd7 10. Nd2 0-0 11. f4 exf4 12. gxf4 f5 13. Nf3 Ne6 14. Rc1 b6 15. Qe1 Rc8 16. Qg3 Bd6 17. Ng5 Nxg5 18. Qxg5 Be6 1/2-1/2

[Event "Aragon-chT"]
[Site "Aragon"]
[Date "2008.03.01"]
[Round "5"]
[White "Jaques Burguete, Raul"]
[Black "Aparicio Navarro, Pedro Jose"]
[Result "0-1"]
[WhiteElo "2127"]
[BlackElo "2196"]
[PlyCount "72"]
[EventDate "2008.02.02"]
[EventType "team-swiss"]
[EventRounds "12"]
[EventCountry "ESP"]
[SourceTitle "EXT 2011"]
[Source "ChessBase"]
[SourceDate "2010.11.26"]
[SourceVersion "1"]
[SourceVersionDate "2010.11.26"]
[SourceQuality "1"]

1. e4 c5 2. d4 cxd4 3. Nf3 Nc6 4. Bc4 Nf6 5. Nbd2 d5 6. exd5 Nxd5 7. 0-0 e6 8. Nb3 Be7 9. Nbxd4 Nxd4 10. Nxd4 0-0 11. c3 Nf6 12. Bf4 a6 13. a4 Qa5 14. Qc2 Bd7 15. Rfe1 Rac8 16. Bd3 g6 17. h4 Nd5 18. Bg3 Bf6 19. Nb3 Qb6 20. a5 Qd8 21. h5 Nb4 22. Qe2 Nxd3 23. Qxd3 Bb5 24. Qe3 Qd5 25. Nd2 Qxh5 26. Ne4 Bg7 27. Nd6 Rcd8 28. Nxb7 Rd3 29. Qb6 Qd5 30. Nc5 Rd2 31. Nxa6 Bc6 32. f3 Rxg2+ 33. Kxg2 Qxf3+ 34. Kh3 Qg2+ 35. Kg4 h5+ 36. Kf4 Qf3+ 0-1

[Event "Aragon-chT"]
[Site "Aragon"]
[Date "2008.02.09"]
[Round "2"]
[White "Aparicio Navarro, Pedro Jose"]
[Black "Luis Vitalla, Fernando Maria"]
[Result "1/2-1/2"]
[WhiteElo "2196"]
[BlackElo "2199"]
[PlyCount "89"]
[EventDate "2008.02.02"]
[EventType "team-swiss"]
[EventRounds "12"]
[EventCountry "ESP"]
[SourceTitle "EXT 2011"]
[Source "ChessBase"]
[SourceDate "2010.11.26"]
[SourceVersion "1"]
[SourceVersionDate "2010.11.26"]
[SourceQuality "1"]

1. d4 d5 2. c4 c6 3. Nf3 Nf6 4. Nc3 dxc4 5. a4 Bf5 6. e3 e6 7. Bxc4 Bb4 8. 0-0 0-0 9. Ne2 c5 10. Ng3 Bg4 11. dxc5 Nc6 12. Be2 e5 13. h3 Be6 14. Bd2 e4 15. Ng5 Qxd2 16. Qxd2 Bxd2 17. N3xe4 Nxe4 18. Nxe4 Rad8 19. Rfd1 Bb4 20. Rxd8 Rxd8 21. Nd6 b6 22. Rc1 bxc5 23. Nb7 Rd2 24. Bb5 Ne7 25. Nxc5 Bxc5 26. Rxc5 Rxb2 27. Rc7 Nc8 28. Bd7 Rb8 29. Bxc8 Rxc8 30. Rxa7 Bd5 31. a5 Kf8 32. Rd7 Bc6 33. Ra7 Ra8 34. Rc7 Bd5 35. Rc5 Be6 36. e4 Ke7 37. f4 Kd6 38. Rh5 h6 39. g4 f6 40. e5+ fxe5 41. Rxe5 Bd5 42. g5 hxg5 43. Rxg5 Ra7 44. Kf2 Be6 45. h4 1/2-1/2

[Event "Aragon-chT Autonomico"]
[Site "Aragon"]
[Date "2007.03.17"]
[Round "8"]
[White "Solano Lasierra, Javier"]
[Black "Aparicio Navarro, Pedro Jose"]
[Result "1-0"]
[WhiteElo "2132"]
[BlackElo "2205"]
[PlyCount "77"]
[EventDate "2007.01.27"]
[EventType "team"]
[EventRounds "9"]
[EventCountry "ESP"]
[SourceTitle "EXT 2008"]
[Source "ChessBase"]
[SourceDate "2007.11.25"]
[SourceVersion "1"]
[SourceVersionDate "2007.11.25"]
[SourceQuality "1"]
[WhiteTeam "La Aurora Estadilla"]
[BlackTeam "Helios"]
[WhiteTeamCountry "ESP"]
[BlackTeamCountry "ESP"]

1. d4 Nf6 2. c4 g6 3. Nc3 Bg7 4. e4 0-0 5. f4 d6 6. Nf3 c5 7. d5 e6 8. dxe6 Bxe6 9. Bd3 Nc6 10. 0-0 Qd7 11. f5 gxf5 12. Ng5 Nd4 13. exf5 Bxf5 14. Bxf5 Nxf5 15. Qd3 h6 16. Rxf5 hxg5 17. Rxg5 Nh7 18. Rf5 Rae8 19. Bf4 Re6 20. Rf1 Qe8 21. Bd2 Bd4+ 22. Kh1 a6 23. R1f3 Rg6 24. Rxf7 Qxf7 25. Rxf7 Kxf7 26. Ne2 Be5 27. Nf4 Bxf4 28. Bxf4 Kg7 29. g3 b6 30. h4 Re6 31. h5 Kg8 32. Qd5 Rfe8 33. Kg2 Nf6 34. Qg5+ Kf7 35. Qg6+ Ke7 36. Bg5 Rf8 37. h6 Kd7 38. Qg7+ Ke8 39. h7 1-0

[Event "ESP Autonomico-chT"]
[Site "Spain"]
[Date "2006.03.18"]
[Round "7.18"]
[White "Aparicio Navarro, Pedro Jose"]
[Black "Ramon Perez, Jose Luis"]
[Result "0-1"]
[WhiteElo "2215"]
[BlackElo "2325"]
[PlyCount "42"]
[EventDate "2006.02.04"]
[EventType "team"]
[EventRounds "9"]
[EventCountry "ESP"]
[SourceTitle "EXT 2007"]
[Source "ChessBase"]
[SourceDate "2006.11.23"]
[SourceVersion "1"]
[SourceVersionDate "2006.11.23"]
[SourceQuality "1"]

1. f4 e5 2. e4 exf4 3. Nf3 g5 4. Bc4 Bg7 5. 0-0 d6 6. d3 h6 7. g3 Bh3 8. Ne5 dxe5 9. Bxf7+ Kxf7 10. Qh5+ Kf8 11. Qxh3 Qd7 12. Qg2 Nc6 13. Nc3 Nf6 14. Bd2 Kg8 15. Ne2 Nd4 16. Nxd4 Qxd4+ 17. Kh1 Qd7 18. Bc3 Ng4 19. Rg1 f3 20. Qxf3 Rf8 21. Qe2 Nf2+ 0-1

[Event "ESP Autonomico-chT"]
[Site "Spain"]
[Date "2006.02.04"]
[Round "1.42"]
[White "Aparicio Navarro, Pedro Jose"]
[Black "Gracia Suarez, Jesus"]
[Result "1/2-1/2"]
[WhiteElo "2215"]
[BlackElo "2111"]
[PlyCount "120"]
[EventDate "2006.02.04"]
[EventType "team"]
[EventRounds "9"]
[EventCountry "ESP"]
[SourceTitle "EXT 2007"]
[Source "ChessBase"]
[SourceDate "2006.11.23"]
[SourceVersion "1"]
[SourceVersionDate "2006.11.23"]
[SourceQuality "1"]

1. d4 d5 2. c4 c6 3. Nf3 Nf6 4. Nc3 g6 5. Bg5 Bg7 6. e3 0-0 7. Qb3 Ne4 8. Nxe4 dxe4 9. Nd2 c5 10. d5 f5 11. 0-0-0 a5 12. Qa3 Qd6 13. f3 Na6 14. fxe4 fxe4 15. Bf4 Rxf4 16. exf4 Qxf4 17. g3 Qe5 18. Re1 Bh6 19. Qc3 Qxc3+ 20. bxc3 e3 21. Nf3 e2+ 22. Kc2 exf1Q 23. Rhxf1 Bh3 24. Rf2 Rf8 25. Rxe7 Bg4 26. d6 Nb8 27. Rxb7 Bxf3 28. Rxf3 Rxf3 29. Rxb8+ Rf8 30. Rb5 Be3 31. Rxa5 Rd8 32. Ra6 Bg1 33. h3 Bf2 34. g4 Bg3 35. Rc6 Bxd6 36. a4 Kf7 37. a5 Ke6 38. Kb3 Kd7 39. Ra6 Rb8+ 40. Ka4 Bc7 41. Rf6 Ra8 42. a6 Be5 43. Rf7+ Kc6 44. a7 Kb6 45. Rxh7 Rxa7+ 46. Rxa7 Kxa7 47. Kb5 Bd6 48. h4 Kb7 49. h5 g5 50. h6 Kc7 51. h7 Be5 52. Kxc5 Bxc3 53. Kd5 Kd7 54. c5 Bb2 55. Ke4 Kc6 56. Kf5 Kxc5 57. Kxg5 Kd6 58. Kg6 Ke7 59. g5 Kf8 60. Kh6 Bg7+ 1/2-1/2

[Event "Autonomico-chT"]
[Site "Aragon"]
[Date "2005.02.12"]
[Round "3.6"]
[White "Aparicio Navarro, Pedro Jose"]
[Black "Lasanta Rica, Cesar"]
[Result "1/2-1/2"]
[WhiteElo "2211"]
[BlackElo "2312"]
[PlyCount "38"]
[EventDate "2005.01.22"]
[EventType "team"]
[EventRounds "12"]
[EventCountry "ESP"]
[SourceTitle "EXT 2006"]
[Source "ChessBase"]
[SourceDate "2005.11.24"]
[SourceVersion "1"]
[SourceVersionDate "2005.11.24"]
[SourceQuality "1"]

1. e4 c5 2. c3 d5 3. exd5 Qxd5 4. d4 e6 5. Nf3 Nf6 6. Be2 cxd4 7. cxd4 Nc6 8. Nc3 Qd6 9. 0-0 Be7 10. Bg5 0-0 11. a3 a6 12. Qd2 b6 13. Rad1 Bb7 14. d5 Nxd5 15. Nxd5 exd5 16. Qxd5 Qxd5 17. Rxd5 Rad8 18. Rxd8 Rxd8 19. Bxe7 Nxe7 1/2-1/2

[Event "Aragon-chT"]
[Site "Spain"]
[Date "2004.03.27"]
[Round "9"]
[White "Aparicio Navarro, Pedro Jose"]
[Black "Burillo Rodriguez, Carlos"]
[Result "1/2-1/2"]
[WhiteElo "2224"]
[BlackElo "2160"]
[PlyCount "20"]
[EventDate "2004.01.??"]
[EventType "team"]
[EventRounds "11"]
[EventCountry "ESP"]
[SourceTitle "EXT 2006"]
[Source "ChessBase"]
[SourceDate "2005.11.24"]
[SourceVersion "1"]
[SourceVersionDate "2005.11.24"]
[SourceQuality "1"]

1. d4 Nf6 2. c4 e6 3. Nc3 Bb4 4. e3 c5 5. Bd3 0-0 6. Nf3 Bxc3+ 7. bxc3 b6 8. 0-0 Bb7 9. Qc2 d6 10. e4 h6 1/2-1/2

[Event "Aragon-chT"]
[Site "Spain"]
[Date "2004.02.28"]
[Round "5"]
[White "Sancho Cortes, Miguel Angel"]
[Black "Aparicio Navarro, Pedro Jose"]
[Result "1-0"]
[WhiteElo "2079"]
[BlackElo "2224"]
[PlyCount "95"]
[EventDate "2004.01.??"]
[EventType "team"]
[EventRounds "11"]
[EventCountry "ESP"]
[SourceTitle "EXT 2006"]
[Source "ChessBase"]
[SourceDate "2005.11.24"]
[SourceVersion "1"]
[SourceVersionDate "2005.11.24"]
[SourceQuality "1"]

1. e4 c6 2. d4 d5 3. Nc3 dxe4 4. Nxe4 Nf6 5. Nxf6+ gxf6 6. Nf3 Bg4 7. Be2 e6 8. 0-0 Bd6 9. c4 Qc7 10. h3 Bh5 11. Be3 Nd7 12. d5 c5 13. b4 b6 14. bxc5 bxc5 15. Nh4 Bg6 16. dxe6 fxe6 17. Bg4 f5 18. Bf3 Rb8 19. Bg5 Kf7 20. Qd2 Be5 21. Rad1 Bd4 22. Bf4 e5 23. Bd5+ Ke8 24. Bh2 f4 25. Nxg6 hxg6 26. Qc2 Qd6 27. Rfe1 Kf8 28. Rb1 Kg7 29. Bxf4 Rxb1 30. Qxb1 Rb8 31. Qd3 exf4 32. Re6 Ne5 33. Qe4 Qc7 34. Kh2 Rf8 35. f3 Kh6 36. h4 Qd8 37. g3 fxg3+ 38. Kg2 Rf5 39. Qxf5 Qxh4 40. Qf8+ Kh5 41. Qh8+ Kg5 42. Rxe5+ Bxe5 43. Qxe5+ Kh6 44. Qh8+ Kg5 45. Qxh4+ Kxh4 46. Bf7 g5 47. Be6 a5 48. a4 1-0

[Event "Aragon-chT"]
[Site "Spain"]
[Date "2004.02.14"]
[Round "3"]
[White "Aparicio Navarro, Pedro Jose"]
[Black "Fuster Garcia, Luis Miguel"]
[Result "0-1"]
[WhiteElo "2224"]
[BlackElo "2209"]
[PlyCount "84"]
[EventDate "2004.01.??"]
[EventType "team"]
[EventRounds "11"]
[EventCountry "ESP"]
[SourceTitle "EXT 2006"]
[Source "ChessBase"]
[SourceDate "2005.11.24"]
[SourceVersion "1"]
[SourceVersionDate "2005.11.24"]
[SourceQuality "1"]

1. Nf3 g6 2. c4 Bg7 3. g3 d6 4. Bg2 e5 5. Nc3 Nc6 6. 0-0 f5 7. d3 Nf6 8. Rb1 a5 9. a3 0-0 10. b4 axb4 11. axb4 Qe8 12. b5 Nd4 13. e3 Ne6 14. d4 e4 15. Nd2 g5 16. Qb3 g4 17. Ne2 Ng5 18. Nf4 Nh5 19. Nxh5 Qxh5 20. Rd1 Nf3+ 21. Nxf3 gxf3 22. Bf1 Rf6 23. c5+ Kh8 24. cxd6 cxd6 25. d5 Rh6 26. h4 Rg6 27. Kh1 Rg4 28. Bb2 Rxh4+ 29. gxh4 Qxh4+ 30. Kg1 Bd7 31. Bxg7+ Kxg7 32. Bg2 Qg4 33. Kf1 Qxg2+ 34. Ke1 Qg1+ 35. Kd2 Qxf2+ 36. Kc3 Qxe3+ 37. Kb2 Qe2+ 38. Kc3 Rc8+ 39. Kb4 Qxb5+ 40. Ka3 Ra8+ 41. Kb2 Qxb3+ 42. Kxb3 Ba4+ 0-1

[Event "Aragon-chT"]
[Site "Spain"]
[Date "2004.??.??"]
[Round "?"]
[White "Baron Rodriguez, Jesus"]
[Black "Aparicio Navarro, Pedro Jose"]
[Result "1-0"]
[WhiteElo "2421"]
[BlackElo "2224"]
[PlyCount "55"]
[EventDate "2004.01.??"]
[EventType "team"]
[EventRounds "11"]
[EventCountry "ESP"]
[SourceTitle "EXT 2006"]
[Source "ChessBase"]
[SourceDate "2005.11.24"]
[SourceVersion "1"]
[SourceVersionDate "2005.11.24"]
[SourceQuality "1"]

1. e4 c6 2. d4 d5 3. exd5 cxd5 4. c4 Nf6 5. Nc3 e6 6. Nf3 Be7 7. cxd5 Nxd5 8. Bd3 0-0 9. 0-0 Nc6 10. Re1 Nf6 11. a3 b6 12. Bc2 Bb7 13. Qd3 Rc8 14. d5 exd5 15. Bg5 Ne4 16. Nxe4 dxe4 17. Qxe4 g6 18. Qh4 Bxg5 19. Nxg5 h5 20. Bxg6 fxg6 21. Qc4+ Kh8 22. Nf7+ Rxf7 23. Qxf7 Ba8 24. Qxg6 Qd5 25. Rad1 Nd4 26. Rxd4 Qxd4 27. Qh6+ Kg8 28. Qe6+ 1-0

[Event "Aragon-chT"]
[Site "Aragon"]
[Date "2003.03.15"]
[Round "8"]
[White "Gavin Roche, Enrique"]
[Black "Aparicio Navarro, Pedro Jose"]
[Result "1-0"]
[WhiteElo "2235"]
[BlackElo "2201"]
[PlyCount "109"]
[EventDate "2003.02.??"]
[EventType "team"]
[EventRounds "9"]
[EventCountry "ESP"]
[SourceTitle "EXT 2004"]
[Source "ChessBase"]
[SourceDate "2003.11.25"]
[SourceVersion "1"]
[SourceVersionDate "2003.11.25"]
[SourceQuality "1"]

1. d4 f5 2. g3 Nf6 3. Bg2 g6 4. Nh3 Bg7 5. Nf4 0-0 6. h4 d6 7. d5 c6 8. Nc3 Qe8 9. e4 Na6 10. 0-0 Nc7 11. Qe2 fxe4 12. dxc6 d5 13. cxb7 Bxb7 14. Re1 e5 15. Nh3 Ne6 16. Qd1 Rd8 17. a4 a6 18. Ra3 Nd4 19. Bg5 Qd7 20. Bxf6 Rxf6 21. Rf1 h6 22. Kh1 Bf8 23. Ra1 Bc5 24. a5 Bc6 25. b3 Ba7 26. Na4 Bb5 27. c4 dxc4 28. Nc3 cxb3 29. Nxe4 Rf7 30. Re1 Nc2 31. Qc1 Kg7 32. Rd1 Qxd1+ 33. Qxd1 Rxd1+ 34. Rxd1 Bd4 35. Nd6 Re7 36. Be4 Be2 37. Rd2 Bg4 38. Ng1 Rc7 39. Ne8+ Kf8 40. Nxc7 Bc3 41. Rxc2 bxc2 42. Bxc2 Bxa5 43. Nxa6 g5 44. hxg5 hxg5 45. Nc5 Bb6 46. f3 Bc8 47. Ne4 g4 48. Nd6 Be6 49. Be4 gxf3 50. Nxf3 Bc7 51. Nb5 Bb8 52. Kg2 Kg7 53. Nc3 Kf6 54. Nd5+ Kf7 55. Ng5+ 1-0